=LDR 00000nam 2200000 4500 =001 NUTBA000000000001577 =005 20211216110802 =035 ##$$a 0010-051400000000042 =008 211216################g##########0#ind## =020 ##$$a 978-602-425-015-7 =082 ##$$a 650.1 =090 ##$$a 650.1$bKas s =100 ##$$a Dedi Purwana =245 1#$$a Studi kelayakan bisnis /$c Dr. Dedi Purwana E.S., M.Bus, Drs. Hurdin Hidayat, MM., M.Si. =260 ##$$a Jakarta :$b RajaGrafindo Persada,$c 2016 =084 ##$$a 650.1 DED s =250 ##$$a Ed. 1 Cet. 1 =300 ##$$a xiv, 264 hlm. ; $c 14x21 cm. =650 #4$$a Bisnis =700 #$$a Hurdin Hidayat =990 ##$$a 21195968/BPAP-NTB/2014 =990 ##$$a 21195970/BPAP-NTB/2014 =990 ##$$a 21400613/BPAP-NTB/20142014 =990 ##$$a 21400613/BPAP-NTB/20142014 =990 ##$$a 0001/BPAP-NTB/20142014 =990 ##$$a 0001/BPAP-NTB/20142014 =990 ##$$a 21705355 =990 ##$$a 21705351 =990 ##$$a 21195970/BPAP-NTB/2014 =990 ##$$a 21400613/BPAP-NTB/20142014 =990 ##$$a 21400613/BPAP-NTB/20142014 =990 ##$$a 0001/BPAP-NTB/20142014 =990 ##$$a 0001/BPAP-NTB/20142014 =990 ##$$a 21705355